[Event "Ceske sachove vanoce 2012  -  OPEN"]
[Site "Litomysl"]
[Date "2012.12.26"]
[Round "1.1"]
[White "Kanovsky, David"]
[Black "Chladek, Vaclav"]
[Result "1-0"]
[WhiteElo "2412"]
[BlackElo "2050"]
[PlyCount "57"]
[EventDate "2012.12.26"]

1. e4 e5 2. Nf3 Nc6 3. Bb5 a6 4. Ba4 Nf6 5. O-O Be7 6. Re1 b5 7. Bb3 O-O 8. d4
d6 9. c3 Bg4 10. d5 Na5 11. Bc2 c6 12. h3 Bd7 13. Nxe5 dxe5 14. d6 c5 15. dxe7
Qxe7 16. Nd2 Rad8 17. Qf3 Bc6 18. Nf1 Nc4 19. Ng3 Nd6 20. Bg5 Qe6 21. Rad1 Rd7
22. Bxf6 Qxf6 23. Qxf6 gxf6 24. Nh5 Kh8 25. Nxf6 Rdd8 26. b3 Kg7 27. Nd5 f6 28.
Ne7 Bb7 29. Rxd6 1-0

[Event "Ceske sachove vanoce 2012  -  OPEN"]
[Site "Litomysl"]
[Date "2012.12.26"]
[Round "1.2"]
[White "Kimerling, Martin"]
[Black "Sodoma, Jan"]
[Result "0-1"]
[WhiteElo "2047"]
[BlackElo "2379"]
[PlyCount "52"]
[EventDate "2012.12.26"]

1. d4 Nf6 2. c4 e6 3. g3 c5 4. d5 exd5 5. cxd5 b5 6. e4 Nxe4 7. Qe2 Qe7 8. Bg2
f5 9. Be3 d6 10. Qxb5+ Nd7 11. Nc3 Rb8 12. Qa4 Rxb2 13. Nxe4 fxe4 14. Ne2 g6
15. Nf4 Bg7 16. Rc1 O-O 17. Ne6 Ne5 18. Qxe4 Ba6 19. Bf1 Nf3+ 20. Kd1 Bxf1 21.
Rxf1 Rf5 22. g4 Rb4 23. Rc4 Re5 24. Rxb4 Rxe4 25. Rxe4 Qb7 26. Ke2 Qb5+ 0-1

[Event "Ceske sachove vanoce 2012  -  OPEN"]
[Site "Litomysl"]
[Date "2012.12.26"]
[Round "1.4"]
[White "Seidl, Antonin"]
[Black "Sabol, Marian"]
[Result "0-1"]
[WhiteElo "2028"]
[BlackElo "2341"]
[PlyCount "106"]
[EventDate "2012.12.26"]

1. e4 c6 2. Nf3 d5 3. Nc3 g6 4. d4 Bg7 5. Bf4 Bg4 6. exd5 cxd5 7. Nb5 Na6 8.
Qe2 Bxf3 9. gxf3 Kf8 10. c3 Nf6 11. Qd2 Nh5 12. Bh6 Nc7 13. Rg1 Nxb5 14. Bxb5
Qb6 15. Be2 Qf6 16. O-O-O Bxh6 17. Qxh6+ Ke8 18. Rg5 Nf4 19. Bb5+ Kd8 20. Rg4
Ne6 21. f4 Rc8 22. Qh4 h5 23. Qxf6 exf6 24. Rh4 f5 25. Kd2 a6 26. Bf1 Ke7 27.
Ke3 Kd6 28. Rh3 Rce8 29. Rg3 g5 30. Kd2 h4 31. Rg1 g4 32. h3 gxh3 33. Bxh3 Nxf4
34. Bf1 h3 35. Re1 h2 36. Rh1 Reg8 37. Be2 Rg2 38. Ke3 Nh3 39. Ref1 f4+ 40. Kf3
Rhg8 41. Bd3 R8g4 42. Ke2 Ng5 43. Ke1 f3 44. Kd2 Ke6 45. Ke3 f5 46. Kd2 Kf6 47.
Kd1 Ne4 48. Ke1 b5 49. a4 bxa4 50. Bxa6 Rg8 51. Bb7 Rb8 52. Bxd5 Rxb2 53. Bxe4
fxe4 0-1

[Event "Ceske sachove vanoce 2012  -  OPEN"]
[Site "Litomysl"]
[Date "2012.12.26"]
[Round "1.5"]
[White "Cerveny, Martin"]
[Black "Skoda, Martin"]
[Result "1-0"]
[WhiteElo "2328"]
[BlackElo "2017"]
[PlyCount "55"]
[EventDate "2012.12.26"]

1. d4 Nf6 2. c4 e6 3. Nc3 b6 4. Nf3 Bb7 5. g3 Be7 6. Bg2 O-O 7. O-O d5 8. Ne5
Nbd7 9. Qa4 Nxe5 10. dxe5 Ne4 11. cxd5 Nxc3 12. bxc3 exd5 13. c4 c6 14. cxd5
cxd5 15. Rd1 Qc7 16. Bf4 Bc6 17. Qb3 Rad8 18. e6 Qb7 19. exf7+ Rxf7 20. Rac1
Bc5 21. Be3 Bxe3 22. Qxe3 Kh8 23. Qc3 Rf6 24. e4 Rfd6 25. Rd4 Qe7 26. exd5 Bxd5
27. Re1 Qd7 28. Red1 1-0

[Event "Ceske sachove vanoce 2012  -  OPEN"]
[Site "Litomysl"]
[Date "2012.12.26"]
[Round "1.6"]
[White "Stanek, Stanislav"]
[Black "Jasny, Stanislav"]
[Result "1-0"]
[WhiteElo "2013"]
[BlackElo "2303"]
[PlyCount "101"]
[EventDate "2012.12.26"]

1. d4 Nf6 2. Bf4 g6 3. h3 Bg7 4. c3 d6 5. e3 O-O 6. Nf3 Nfd7 7. Nbd2 e5 8. dxe5
dxe5 9. Bg3 Nc6 10. Bc4 Kh8 11. a4 Qe7 12. a5 a6 13. Qc2 Nc5 14. h4 e4 15. Nd4
Ne5 16. Bxe5 Bxe5 17. b4 Bxd4 18. cxd4 Nd3+ 19. Bxd3 exd3 20. Qc5 Qd8 21. Rc1
Bd7 22. Nf3 Bb5 23. Kd2 Rc8 24. h5 b6 25. Qc3 Qd5 26. Qb2 g5 27. h6 f6 28. Rh5
Kg8 29. Rc3 Kf7 30. Qb3 Qxb3 31. Rxb3 bxa5 32. bxa5 c5 33. dxc5 Rxc5 34. Nd4
Rd8 35. Rb2 Rd7 36. Rh1 Bc4 37. Rg1 Rdc7 38. Rb4 Kg6 39. e4 Kxh6 40. g4 Kg6 41.
Rh1 Bb5 42. Nxb5 axb5 43. Kxd3 Rd7+ 44. Ke2 Rc2+ 45. Kf3 Rd3+ 46. Kg2 Ra3 47.
Rxb5 Rca2 48. Rb7 h6 49. Rd1 h5 50. Rdd7 h4 51. Rg7+ 1-0

[Event "Ceske sachove vanoce 2012  -  OPEN"]
[Site "Litomysl"]
[Date "2012.12.26"]
[Round "1.7"]
[White "Heydarli, Kanan"]
[Black "Michalowski, Peter"]
[Result "1-0"]
[WhiteElo "2301"]
[BlackElo "2009"]
[PlyCount "55"]
[EventDate "2012.12.26"]

1. d4 Nf6 2. c4 e5 3. d5 Bc5 4. Nc3 d6 5. Qc2 Qe7 6. e4 Ng4 7. Nd1 f5 8. h3 Nh6
9. Bd3 f4 10. Bd2 a5 11. Nc3 Qh4 12. Nd1 Bg4 13. Be2 Bxe2 14. Kxe2 O-O 15. Nf3
Qh5 16. Nc3 Nf7 17. Rab1 Nd7 18. Rbf1 Nf6 19. g4 fxg3 20. fxg3 Nh6 21. g4 Nfxg4
22. hxg4 Qxg4 23. Rh2 Bg1 24. Rxg1 Qxf3+ 25. Ke1 Ng4 26. Rhg2 Nf2 27. Bh6 Nd3+
28. Kd2 1-0

[Event "Ceske sachove vanoce 2012  -  OPEN"]
[Site "Litomysl"]
[Date "2012.12.26"]
[Round "1.8"]
[White "Spacek, Oliver"]
[Black "Novotny, Michal"]
[Result "1/2-1/2"]
[WhiteElo "1998"]
[BlackElo "2274"]
[PlyCount "191"]
[EventDate "2012.12.26"]

1. d4 e6 2. c4 d5 3. Nf3 Nf6 4. g3 dxc4 5. Qa4+ Nbd7 6. Bg2 a6 7. Nc3 Rb8 8.
Qxc4 b5 9. Qd3 Bb7 10. O-O c5 11. Rd1 c4 12. Qc2 Bb4 13. Bf4 Rc8 14. a4 Bxc3
15. bxc3 Be4 16. Qb2 Nd5 17. axb5 axb5 18. Bd6 Qb6 19. Ba3 f5 20. Bh3 Bxf3 21.
exf3 Kf7 22. Re1 Ra8 23. f4 N7f6 24. Bg2 Ra4 25. Bc5 Qa5 26. Rxa4 Qxa4 27. Ra1
Qb3 28. Qxb3 cxb3 29. Rb1 Nxc3 30. Rxb3 Nfe4 31. Bxe4 Nxe4 32. Rxb5 Ra8 33.
Rb7+ Kf6 34. Be7+ Kg6 35. Rb2 Ra1+ 36. Kg2 Rd1 37. f3 Nc3 38. Bc5 Nd5 39. Re2
Kf7 40. Kf2 h6 41. h4 Rb1 42. Bd6 Nc3 43. Rc2 Nd5 44. Be5 Rh1 45. Re2 Nc3 46.
Rd2 Rh2+ 47. Ke3 Nd5+ 48. Kd3 Nb4+ 49. Kc3 Nd5+ 50. Kd3 Rh3 51. Rg2 g6 52. Kd2
Rh1 53. Ke2 Rb1 54. Kf2 h5 55. g4 hxg4 56. fxg4 Rb2+ 57. Kg1 Rxg2+ 58. Kxg2
Ne3+ 59. Kf3 Nxg4 60. Bh8 Ke7 61. Be5 Kd7 62. Bh8 Kc6 63. Be5 Kd5 64. Bg7 Kc4
65. Bh8 Kd3 66. Bg7 Ne3 67. Bf6 Nc2 68. Be5 Nxd4+ 69. Kf2 Ke4 70. Bd6 Nc6 71.
Kg3 Nd4 72. Kf2 Nb5 73. Be5 Na3 74. Bd6 Nc4 75. Bc7 e5 76. Kg3 exf4+ 77. Bxf4
Ne5 78. Bg5 Nd3 79. h5 gxh5 80. Kh4 f4 81. Kxh5 f3 82. Bh4 Kf4 83. Bg5+ Kg3 84.
Be3 Kg2 85. Kg4 Nf2+ 86. Kf4 Nd3+ 87. Kg4 Nb4 88. Bb6 Nd3 89. Ba7 Ne1 90. Kf4
Kf1 91. Ke3 Kg2 92. Kd2 Kf1 93. Kc3 Kg2 94. Kd2 f2 95. Bxf2 Kxf2 96. Kc3
1/2-1/2

[Event "Ceske sachove vanoce 2012  -  OPEN"]
[Site "Litomysl"]
[Date "2012.12.26"]
[Round "1.9"]
[White "Cerveny, Petr"]
[Black "Tejkal, Jiri"]
[Result "1/2-1/2"]
[WhiteElo "2269"]
[BlackElo "1964"]
[PlyCount "61"]
[EventDate "2012.12.26"]

1. e4 c6 2. d4 d5 3. exd5 cxd5 4. Bd3 Nc6 5. c3 Nf6 6. Bf4 Bg4 7. Qb3 Qd7 8.
Nd2 e6 9. Ngf3 Bxf3 10. Nxf3 a6 11. O-O Be7 12. Ne5 Qc8 13. Rae1 Nxe5 14. Bxe5
O-O 15. Re3 g6 16. Rh3 Nd7 17. Bg3 Bf6 18. Re1 Re8 19. f4 b5 20. a4 bxa4 21.
Qxa4 Nb6 22. Qc2 Nc4 23. Qf2 Bg7 24. Bh4 Rb8 25. Bxc4 Qxc4 26. Rhe3 Qc6 27. g4
a5 28. Bg3 Ra8 29. h4 a4 30. f5 exf5 31. gxf5 $11 1/2-1/2

[Event "Ceske sachove vanoce 2012  -  OPEN"]
[Site "Litomysl"]
[Date "2012.12.26"]
[Round "1.10"]
[White "Prachar, Josef"]
[Black "Bombek, Peter"]
[Result "0-1"]
[WhiteElo "1952"]
[BlackElo "2261"]
[PlyCount "184"]
[EventDate "2012.12.26"]

1. d4 d5 2. c4 e6 3. Nc3 c6 4. Nf3 dxc4 5. a4 Bb4 6. e3 b5 7. Bd2 a5 8. Na2
Bxd2+ 9. Qxd2 Qb6 10. Be2 Nf6 11. O-O O-O 12. Rfb1 Nbd7 13. Qc2 Re8 14. Nc3 h6
15. Rd1 Bb7 16. Ne5 Red8 17. Bf3 Nxe5 18. dxe5 Nd7 19. Qe4 b4 20. Ne2 Qc5 21.
Qd4 Qxe5 22. Qxc4 Qxb2 23. Nd4 Qc3 24. Qxc3 bxc3 25. Rdc1 Rab8 26. Rxc3 c5 27.
Nc6 Bxc6 28. Bxc6 Rbc8 29. Bb5 Nf6 30. Rc2 Ne4 31. f3 Rd2 32. Rac1 Rxc2 33.
Rxc2 Nd6 34. Be2 Kf8 35. Kf2 Ke7 36. Ke1 Rc7 37. g3 e5 38. Bf1 Nc8 39. Bb5 Nb6
40. e4 c4 41. Kd2 c3+ 42. Rxc3 Rxc3 43. Kxc3 Kd6 44. h4 Kc5 45. g4 Na8 46. Be8
f6 47. Bb5 Nc7 48. Bc4 Ne8 49. Bd5 Nd6 50. Be6 Nb7 51. Bd5 Nd6 52. Be6 Ne8 53.
Bc4 Nc7 54. Bf7 Na6 55. Bc4 Nc7 56. Bf7 Na8 57. Bd5 Nb6 58. Bb3 Nc8 59. Be6 Ne7
60. h5 Nc6 61. Bb3 Nd4 62. Bd1 Ne6 63. Bb3 Nf4 64. Bd1 g6 65. hxg6 Nxg6 66. Bb3
Nf4 67. Bd1 Ne6 68. Be2 Nc7 69. Bc4 Na8 70. Bb5 Nb6 71. Be8 Kd6 72. Kd3 Ke7 73.
Bb5 Kf7 74. Ke3 Nc8 75. Bd7 Nd6 76. Kd3 Kg6 77. Be6 Kg5 78. Ke3 Nb7 79. Bd7 Nc5
80. Bb5 Nb3 81. Bd7 Nc5 82. Bb5 Kh4 83. Kf2 Ne6 84. Be2 Nd4 85. Bd1 Kh3 86. Ke3
Kg3 87. f4 Nc6 88. f5 Nd4 89. Kd2 Nf3+ 90. Ke3 Nh2 91. g5 hxg5 92. Bc2 g4 0-1

[Event "Ceske sachove vanoce 2012  -  OPEN"]
[Site "Litomysl"]
[Date "2012.12.26"]
[Round "1.12"]
[White "Jablon, Stephen"]
[Black "Mejzlik, Ondrej"]
[Result "0-1"]
[WhiteElo "1931"]
[BlackElo "2233"]
[PlyCount "88"]
[EventDate "2012.12.26"]

1. d4 d5 2. Nc3 c6 3. e4 dxe4 4. Nxe4 Nd7 5. Bg5 Ngf6 6. Bxf6 Nxf6 7. Nxf6+
exf6 8. Bc4 Bd6 9. Qe2+ Qe7 10. Qxe7+ Kxe7 11. O-O-O Be6 12. d5 cxd5 13. Bxd5
Rhd8 14. Ne2 Bc5 15. Bxb7 Rxd1+ 16. Rxd1 Rb8 17. Bf3 Bxf2 18. Nd4 Be3+ 19. Kb1
Bxd4 20. Rxd4 Rc8 21. c3 g5 22. Rb4 Rc7 23. Rb7 Rxb7 24. Bxb7 Kd6 25. Kc2 h5
26. a4 f5 27. b4 Bc4 28. Kd2 f4 29. Bf3 g4 30. Be2 Bd5 31. Bf1 h4 32. c4 Be4
33. Kc3 Ke5 34. c5 g3 35. hxg3 hxg3 36. Kc4 f3 37. gxf3 Bxf3 38. Kb5 Be2+ 39.
Bxe2 g2 40. Ka6 g1=Q 41. Kxa7 Qd4 42. Bb5 Qxb4 43. c6 Qa5+ 44. Kb7 Kd6 0-1

[Event "Ceske sachove vanoce 2012  -  OPEN"]
[Site "Litomysl"]
[Date "2012.12.26"]
[Round "1.13"]
[White "Jedlicka, Ales"]
[Black "Csefalvay, Stefan"]
[Result "1-0"]
[WhiteElo "2223"]
[BlackElo "1912"]
[PlyCount "79"]
[EventDate "2012.12.26"]

1. d4 Nf6 2. c4 e6 3. g3 d5 4. Bg2 Bb4+ 5. Bd2 Be7 6. Nf3 O-O 7. O-O Nbd7 8.
Qc2 c6 9. b3 Ne4 10. Bc1 Bf6 11. Bb2 Re8 12. Nc3 Nxc3 13. Bxc3 g6 14. Rad1 Bg7
15. e4 dxe4 16. Qxe4 Nf6 17. Qc2 Qc7 18. Rfe1 b6 19. Qb2 Nd7 20. h4 h5 21. Ng5
Bb7 22. b4 Rab8 23. a4 c5 24. dxc5 Bxc3 25. Qxc3 bxc5 26. b5 Bxg2 27. Kxg2 Rbd8
28. Ne4 e5 29. Rxd7 Rxd7 30. Nf6+ Kf8 31. Nxe8 Kxe8 32. Rxe5+ Re7 33. Rd5 Re6
34. Qa3 Re5 35. Rxe5+ Qxe5 36. Qe3 Qxe3 37. fxe3 Kd7 38. Kf3 Kc7 39. Ke4 Kb6
40. Kd5 1-0

[Event "Ceske sachove vanoce 2012  -  OPEN"]
[Site "Litomysl"]
[Date "2012.12.26"]
[Round "1.14"]
[White "Tischer, Jana"]
[Black "Szumilas, Piotr"]
[Result "0-1"]
[WhiteElo "1876"]
[BlackElo "2204"]
[PlyCount "38"]
[EventDate "2012.12.26"]

1. e4 c6 2. d4 d5 3. exd5 cxd5 4. c4 Nf6 5. Nc3 Nc6 6. Nf3 e6 7. Be2 Bb4 8. O-O
dxc4 9. Bxc4 O-O 10. Bg5 Na5 11. Be2 b6 12. Ne4 Be7 13. Nxf6+ Bxf6 14. Bxf6
Qxf6 15. Rc1 Bb7 16. Qa4 Rac8 17. Ne5 Rxc1 18. Rxc1 Qg5 19. Rc6 Nxc6 0-1

[Event "Ceske sachove vanoce 2012  -  OPEN"]
[Site "Litomysl"]
[Date "2012.12.27"]
[Round "2.1"]
[White "Hajek, Lukas"]
[Black "Kanovsky, David"]
[Result "0-1"]
[WhiteElo "2155"]
[BlackElo "2412"]
[PlyCount "70"]
[EventDate "2012.12.26"]

1. d4 Nf6 2. c4 g6 3. Nc3 Bg7 4. e4 O-O 5. Be2 d6 6. Nf3 c5 7. O-O cxd4 8. Nxd4
Nc6 9. Be3 Bd7 10. Rc1 Nxd4 11. Bxd4 Bc6 12. Qd3 a5 13. Rfd1 Nd7 14. Bxg7 Kxg7
15. Qd4+ Kg8 16. Nd5 a4 17. Rc3 e5 18. Qd2 Nc5 19. f3 Bxd5 20. cxd5 Qb6 21. Kh1
f5 22. exf5 Rxf5 23. Bd3 Rf4 24. Qc2 Kg7 25. Rc4 Raf8 26. Rxf4 Rxf4 27. Be4
Nxe4 28. fxe4 Qb4 29. a3 Qxe4 30. Qc7+ Kh6 31. Qxb7 Qd3 32. Rg1 e4 33. Qc6 e3
34. Qxd6 Rf1 35. h4 e2 0-1

[Event "Ceske sachove vanoce 2012  -  OPEN"]
[Site "Litomysl"]
[Date "2012.12.27"]
[Round "2.2"]
[White "Sodoma, Jan"]
[Black "Seidl, Stepan"]
[Result "1-0"]
[WhiteElo "2379"]
[BlackElo "2185"]
[PlyCount "111"]
[EventDate "2012.12.26"]

1. d4 Nf6 2. c4 g6 3. Nc3 d5 4. Qb3 dxc4 5. Qxc4 Bg7 6. e4 O-O 7. Be2 Nfd7 8.
Be3 Nb6 9. Qc5 Nc6 10. Rd1 Nd7 11. Qa3 e5 12. dxe5 Ndxe5 13. f4 Ng4 14. Bc1 Re8
15. e5 Bf8 16. Qb3 Bc5 17. Ne4 Bxg1 18. Bxg4 Qh4+ 19. Qg3 Qxg3+ 20. hxg3 Nxe5
21. Nf6+ Kf8 22. Nxe8 Bxg4 23. fxe5 Rxe8 24. Rxg1 Rxe5+ 25. Kd2 Rd5+ 26. Kc2
Rc5+ 27. Kb1 Bxd1 28. Rxd1 Ke7 29. g4 f6 30. Rh1 h5 31. Be3 Rd5 32. gxh5 gxh5
33. Kc2 Ke6 34. Rh4 Re5 35. Kd3 Rb5 36. Bd4 Rg5 37. Rh2 c5 38. Be3 Rd5+ 39. Ke2
b6 40. Rh4 Re5 41. Kf3 Rd5 42. Re4+ Kf7 43. Ra4 a5 44. Ra3 Rd7 45. Rb3 Rd6 46.
Bf4 Rc6 47. a4 Ke6 48. Ke4 f5+ 49. Ke3 Kd5 50. Rd3+ Ke6 51. Kd2 b5 52. axb5 Rb6
53. Rb3 a4 54. Bc7 Rb7 55. Re3+ Kd5 56. b6 1-0

[Event "Ceske sachove vanoce 2012  -  OPEN"]
[Site "Litomysl"]
[Date "2012.12.27"]
[Round "2.3"]
[White "Sedy, Pavel"]
[Black "Sharashenidze, Akaki"]
[Result "0-1"]
[WhiteElo "2137"]
[BlackElo "2351"]
[PlyCount "102"]
[EventDate "2012.12.26"]

1. e4 e5 2. d4 exd4 3. Nf3 Nc6 4. Nxd4 Nf6 5. Nxc6 bxc6 6. e5 Qe7 7. Qe2 Nd5 8.
c4 Nb6 9. b3 d6 10. exd6 cxd6 11. Bb2 Be6 12. Nc3 Qg5 13. g3 d5 14. Bg2 Bb4 15.
O-O Bxc3 16. Bxc3 O-O 17. c5 Nd7 18. Bd4 a5 19. Rae1 Qg6 20. Qd2 Rfb8 21. Re3
Rb5 22. Rc1 Nf6 23. Bxf6 Qxf6 24. Rf3 Qe5 25. Rf4 Qb8 26. Bf1 Rb4 27. Rd4 Ra7
28. Re1 g6 29. Re3 Rab7 30. Bc4 Ra7 31. Bf1 Ra8 32. Qc3 Rxd4 33. Qxd4 Qb4 34.
Rd3 Bf5 35. Rd2 Re8 36. f3 Re1 37. g4 Bb1 38. Qxb4 axb4 39. Kf2 Rc1 40. Rb2 g5
41. Ba6 Bg6 42. Ke3 Rxc5 43. Kd4 Rc1 44. Ke5 Kg7 45. Bb7 Rc3 46. Rd2 f6+ 47.
Kd6 Be8 48. Re2 Kf8 49. Re7 d4 50. Rc7 d3 51. Ke6 d2 0-1

[Event "Ceske sachove vanoce 2012  -  OPEN"]
[Site "Litomysl"]
[Date "2012.12.27"]
[Round "2.5"]
[White "Hrabal, Michal"]
[Black "Cerveny, Martin"]
[Result "0-1"]
[WhiteElo "2100"]
[BlackElo "2328"]
[PlyCount "52"]
[EventDate "2012.12.26"]

1. e4 c5 2. Nc3 a6 3. f4 b5 4. Nf3 Bb7 5. d3 e6 6. g3 Nf6 7. Bg2 d5 8. e5 d4 9.
exf6 dxc3 10. bxc3 gxf6 11. O-O Nd7 12. d4 f5 13. Re1 Be7 14. Be3 Qc7 15. Bf2
h6 16. a4 O-O 17. Qe2 b4 18. dxc5 bxc3 19. Ne5 Bxg2 20. Kxg2 Nxe5 21. Qxe5 Qxe5
22. Rxe5 Rfd8 23. Rb1 Rd2 24. Rb7 Bf6 25. c6 Bxe5 26. fxe5 Rxc2 0-1

[Event "Ceske sachove vanoce 2012  -  OPEN"]
[Site "Litomysl"]
[Date "2012.12.27"]
[Round "2.6"]
[White "Vyprachticky, David"]
[Black "Heydarli, Kanan"]
[Result "0-1"]
[WhiteElo "2092"]
[BlackElo "2301"]
[PlyCount "130"]
[EventDate "2012.12.26"]

1. e4 c5 2. Nf3 e6 3. d4 cxd4 4. Nxd4 a6 5. g3 d5 6. Bg2 dxe4 7. Bxe4 e5 8. Nb3
Qxd1+ 9. Kxd1 Nf6 10. Bf3 Nc6 11. Re1 Be6 12. Bxc6+ bxc6 13. Be3 Ng4 14. N1d2
O-O-O 15. Bb6 Rd5 16. f3 Nf6 17. Ke2 Rb5 18. Ba5 Nd7 19. Bc3 f6 20. Na5 Kc7 21.
Nac4 Bb4 22. Bxb4 Rxb4 23. b3 Rd8 24. Kf2 Nb6 25. c3 Rb5 26. Re4 Nxc4 27. Nxc4
Bxc4 28. Rxc4 Rd2+ 29. Kg1 Ra5 30. a4 Rad5 31. b4 Rb2 32. f4 Rdd2 33. fxe5 Rg2+
34. Kh1 Rxh2+ 35. Kg1 Rhg2+ 36. Kh1 Rxg3 37. exf6 gxf6 38. Rf1 Rd3 39. Kg1 Rg3+
40. Kh1 Rg6 41. Rcf4 Rc2 42. Rxf6 Rxc3 43. Rxg6 hxg6 44. Rb1 Kb6 45. Kg2 a5 46.
b5 Rc4 47. bxc6+ Kxc6 48. Rf1 Kc5 49. Kg3 Kb4 50. Rf6 g5 51. Rf8 Kxa4 52. Rb8
Re4 53. Kf3 Re5 54. Ra8 Kb3 55. Rb8+ Ka3 56. Rb7 a4 57. Rb8 Ka2 58. Rb4 a3 59.
Rb8 Ka1 60. Rb3 a2 61. Kf2 g4 62. Rb8 g3+ 63. Kxg3 Re1 64. Kf3 Rb1 65. Ra8 Kb2
0-1

[Event "Ceske sachove vanoce 2012  -  OPEN"]
[Site "Litomysl"]
[Date "2012.12.27"]
[Round "2.7"]
[White "Bombek, Peter"]
[Black "Schaefer, Reyk"]
[Result "1-0"]
[WhiteElo "2261"]
[BlackElo "2112"]
[PlyCount "41"]
[EventDate "2012.12.26"]

1. Nf3 Nf6 2. d4 d5 3. c4 c6 4. e3 g6 5. Nc3 Bg7 6. Qb3 O-O 7. Bd2 a6 8. cxd5
Nxd5 9. Be2 b5 10. Nxd5 cxd5 11. O-O Nc6 12. Rfc1 Bb7 13. a4 b4 14. a5 Qd6 15.
Ra4 Rac8 16. Rc5 e5 17. Bxb4 exd4 18. Rxd5 Qe6 19. Bxf8 dxe3 20. fxe3 Bxf8 21.
Rd3 1-0

[Event "Ceske sachove vanoce 2012  -  OPEN"]
[Site "Litomysl"]
[Date "2012.12.27"]
[Round "2.8"]
[White "Daniel, Martin"]
[Black "Goluch, Piotr"]
[Result "1-0"]
[WhiteElo "2081"]
[BlackElo "2253"]
[PlyCount "35"]
[EventDate "2012.12.26"]

1. d4 Nf6 2. c4 c5 3. d5 b5 4. cxb5 a6 5. Nc3 axb5 6. e4 b4 7. Nb5 d6 8. Bf4 g5
9. Bxg5 Nxe4 10. Bf4 Qa5 11. Bd3 Ba6 12. Qe2 Kd8 13. Nf3 b3+ 14. Nd2 Bxb5 15.
Bxb5 Nxd2 16. Bxd2 Qxa2 17. Rd1 Qxb2 18. Ba5+ 1-0

[Event "Ceske sachove vanoce 2012  -  OPEN"]
[Site "Litomysl"]
[Date "2012.12.27"]
[Round "2.9"]
[White "Mejzlik, Ondrej"]
[Black "Mejzlik, Vojtech"]
[Result "1-0"]
[WhiteElo "2233"]
[BlackElo "2052"]
[PlyCount "71"]
[EventDate "2012.12.26"]

1. c4 c5 2. Nc3 Nc6 3. g3 g6 4. Bg2 Bg7 5. e4 e5 6. Nge2 Nge7 7. O-O O-O 8. d3
d6 9. f4 f5 10. fxe5 dxe5 11. Bg5 h6 12. Bxe7 Qxe7 13. Nd5 Qd6 14. Qd2 Be6 15.
Nec3 Nd4 16. Rf2 Rf7 17. Raf1 Raf8 18. Kh1 Kh7 19. exf5 gxf5 20. Qd1 b6 21. Qh5
Bd7 22. Ne4 Qg6 23. Qxg6+ Kxg6 24. Nd6 h5 25. Nxf7 Rxf7 26. a3 b5 27. b4 Bf8
28. Re1 bxc4 29. dxc4 e4 30. Ref1 e3 31. Nxe3 cxb4 32. Rd2 Nb3 33. Rb2 Ba4 34.
axb4 Bxb4 35. Bd5 Rf6 36. Rfb1 1-0

[Event "Ceske sachove vanoce 2012  -  OPEN"]
[Site "Litomysl"]
[Date "2012.12.27"]
[Round "2.10"]
[White "Jozefek, Michal"]
[Black "Jedlicka, Ales"]
[Result "1-0"]
[WhiteElo "2060"]
[BlackElo "2223"]
[PlyCount "119"]
[EventDate "2012.12.26"]

1. d4 Nf6 2. c4 e6 3. Nc3 Bb4 4. Qc2 O-O 5. a3 Bxc3+ 6. Qxc3 b6 7. Bg5 Ba6 8.
e3 d6 9. Bd3 Nbd7 10. Ne2 h6 11. Bh4 Rc8 12. O-O c5 13. b3 Qc7 14. Rac1 Rfe8
15. Rfd1 Qb7 16. dxc5 bxc5 17. Qc2 d5 18. Nc3 dxc4 19. bxc4 Qc6 20. Ne4 Nxe4
21. Bxe4 Qc7 22. Qa4 Nb8 23. Rb1 g6 24. Bg3 e5 25. Rxb8 Qxb8 26. Qxa6 Qb3 27.
Rb1 Rcd8 28. h4 Rd1+ 29. Rxd1 Qxd1+ 30. Kh2 Qd7 31. Bd5 Kg7 32. Qa5 Qe7 33. Qc3
g5 34. h5 g4 35. f4 gxf3 36. Bxf3 Qg5 37. Qd3 Re6 38. Qe4 f5 39. Qd5 Qe7 40. e4
f4 41. Bf2 Ra6 42. Qxc5 Qxc5 43. Bxc5 Rc6 44. Bxa7 Rxc4 45. Bb8 Kf6 46. Bd6 Rc3
47. Kh3 Rd3 48. Bb4 Rd7 49. Kh4 Rc7 50. Bf8 Rh7 51. a4 Rh8 52. Bc5 Ra8 53. Bd1
Rc8 54. Bd6 Rc4 55. a5 Rxe4 56. a6 f3+ 57. Kg3 fxg2 58. Kxg2 Rb4 59. a7 Rb2+
60. Kg3 1-0

[Event "Ceske sachove vanoce 2012  -  OPEN"]
[Site "Litomysl"]
[Date "2012.12.27"]
[Round "2.12"]
[White "Deutsch, Joey"]
[Black "Sabuk, Piotr"]
[Result "0-1"]
[WhiteElo "1740"]
[BlackElo "2195"]
[PlyCount "100"]
[EventDate "2012.12.26"]

1. Nf3 d5 2. b3 Bg4 3. Bb2 Bxf3 4. gxf3 Nd7 5. f4 e6 6. e3 Qh4 7. Qf3 Ngf6 8.
Qg3 Qxg3 9. hxg3 Bd6 10. d3 O-O-O 11. Nd2 e5 12. fxe5 Bxe5 13. Bxe5 Nxe5 14.
Bh3+ Kb8 15. d4 Ng6 16. Nf3 Ne7 17. Ne5 Rhf8 18. Bg2 h6 19. Nd3 Nf5 20. O-O-O
c6 21. Kb2 h5 22. Bf3 g6 23. Rc1 Rh8 24. Ne5 Rh7 25. Rh2 Rdh8 26. Rch1 Nd6 27.
g4 hxg4 28. Rxh7 Rxh7 29. Rxh7 Nxh7 30. Nxg4 Kc7 31. Ne5 Nf8 32. c4 dxc4 33.
Nxc4 Ne6 34. Nxd6 Kxd6 35. Kc3 a5 36. a3 Nc7 37. b4 a4 38. Bg2 Nd5+ 39. Kd2 b5
40. e4 Nb6 41. Kc3 g5 42. e5+ Ke7 43. Bf3 Nd5+ 44. Kd3 f6 45. exf6+ Kxf6 46.
Be4 Ke6 47. Bxd5+ cxd5 48. Ke3 Kf5 49. f3 g4 50. fxg4+ Kxg4 0-1

[Event "Ceske sachove vanoce 2012  -  OPEN"]
[Site "Litomysl"]
[Date "2012.12.27"]
[Round "2.17"]
[White "Tejkal, Jiri"]
[Black "Pekar, Vaclav"]
[Result "0-1"]
[WhiteElo "1964"]
[BlackElo "2157"]
[PlyCount "118"]
[EventDate "2012.12.26"]

1. d4 e6 2. Nf3 f5 3. g3 Nf6 4. Bg2 Be7 5. O-O O-O 6. c4 d6 7. Nc3 Ne4 8. Nxe4
fxe4 9. Nd2 d5 10. f3 exf3 11. Nxf3 Nc6 12. b3 Bf6 13. Bb2 Bd7 14. Qd2 Qe7 15.
a4 Rfd8 16. Kh1 Be8 17. Ba3 Qd7 18. Ne5 Nxe5 19. dxe5 Be7 20. Bxe7 Qxe7 21.
cxd5 Bc6 22. e4 exd5 23. exd5 Qxe5 24. Rae1 Qd6 25. Rd1 b6 26. Rf4 Bb7 27. Rd4
a5 28. Qc3 Rd7 29. Kg1 Rad8 30. Bh3 Re7 31. Bg2 Kh8 32. Bf3 h6 33. Rc4 Rf8 34.
Kg2 Rd7 35. Kg1 Re7 36. Rh4 Rf6 37. Rdd4 Re5 38. Rhf4 Rxf4 39. Rxf4 Bxd5 40.
Bxd5 Rxd5 41. Rf2 Rd1+ 42. Rf1 Rxf1+ 43. Kxf1 Qf6+ 44. Qxf6 gxf6 45. Ke2 Kg7
46. Ke3 Kf7 47. Kf4 Ke6 48. Kg4 c6 49. Kf4 Kd5 50. Kf5 b5 51. Kxf6 bxa4 52.
bxa4 c5 53. g4 c4 54. Kg6 c3 55. Kxh6 c2 56. h4 c1=Q+ 57. g5 Ke5 58. Kg6 Qc6+
59. Kh5 Kf5 0-1

[Event "Ceske sachove vanoce 2012  -  OPEN"]
[Site "Litomysl"]
[Date "2012.12.27"]
[Round "2.21"]
[White "Anaskin, Arsenij"]
[Black "Macura, Emil"]
[Result "1-0"]
[WhiteElo "1855"]
[BlackElo "2062"]
[PlyCount "123"]
[EventDate "2012.12.26"]

1. e4 e5 2. Nf3 Nc6 3. Bb5 a6 4. Ba4 Nf6 5. O-O Be7 6. Re1 b5 7. Bb3 d6 8. c3
Na5 9. Bc2 c5 10. d3 O-O 11. Nbd2 Ne8 12. Nf1 f5 13. Ne3 f4 14. Nd5 Nf6 15.
Nxe7+ Qxe7 16. d4 Nc6 17. h3 Kh8 18. b3 Nd8 19. Bb2 Nf7 20. Nh4 g6 21. Qe2 Rb8
22. dxc5 dxc5 23. a4 Be6 24. axb5 axb5 25. Ra5 b4 26. cxb4 cxb4 27. Nf3 Nd7 28.
Nxe5 Ndxe5 29. Rxe5 Nxe5 30. Bxe5+ Kg8 31. Bxb8 Rxb8 32. Qd2 Rc8 33. Bd1 Qf7
34. Qxb4 f3 35. Bxf3 Bxb3 36. Rb1 Be6 37. Bd1 Qf4 38. g3 Qh6 39. Bg4 Bxg4 40.
hxg4 Qg5 41. Qb3+ Kf8 42. Qf3+ Kg8 43. Rb7 Rf8 44. Qb3+ Kh8 45. Rb8 Rxb8 46.
Qxb8+ Kg7 47. Qc7+ Kg8 48. Qc8+ Kg7 49. Qd7+ Kh6 50. e5 Qc1+ 51. Kg2 Qe1 52.
Qd4 Qb1 53. Qf4+ Kg7 54. Qf6+ Kg8 55. Qd8+ Kg7 56. Qd7+ Kh6 57. Qd5 Qb4 58. e6
Qxg4 59. Qe5 Qc4 60. e7 Qc6+ 61. Kh2 Qe8 62. Qf6 1-0

[Event "Ceske sachove vanoce 2012  -  OPEN"]
[Site "Litomysl"]
[Date "2012.12.27"]
[Round "2.24"]
[White "Chiu, Howard"]
[Black "Marinov, Peter"]
[Result "1-0"]
[WhiteElo "2042"]
[BlackElo "1827"]
[PlyCount "87"]
[EventDate "2012.12.26"]

1. e4 d6 2. d4 Nd7 3. c4 e5 4. d5 Be7 5. b3 Ngf6 6. Nc3 h6 7. g3 g5 8. Bg2 Nf8
9. Rb1 Bd7 10. Nf3 Ng6 11. Nd2 Bg4 12. Qc2 b6 13. b4 a5 14. a3 Bd7 15. Nb3 axb4
16. axb4 Kf8 17. Nd1 Kg7 18. Ne3 Qc8 19. h3 h5 20. Nf5+ Kf8 21. Nxe7 Kxe7 22.
Bxg5 Qg8 23. f4 Qg7 24. O-O exf4 25. gxf4 Kf8 26. e5 Nh7 27. e6 Ba4 28. f5 Ne5
29. Be3 f6 30. Bd4 Ke7 31. c5 bxc5 32. bxc5 Rhc8 33. Kh1 Rab8 34. Qc3 h4 35.
Nd2 Qg3 36. Qxg3 hxg3 37. Ne4 Rxb1 38. Rxb1 Bc2 39. cxd6+ cxd6 40. Rb7+ Kf8 41.
Rxh7 Rc4 42. Bxe5 Bxe4 43. Bxe4 fxe5 44. f6 1-0